000 00677nam a22002057a 4500
005 20131007110307.0
010 _aENG-108494
020 _a9788192543147
_c350.00
035 _aEN-92027
037 _bDBAD/PUB
082 _a423.1
100 _aDowling, Dave
245 _aThe wrong word dictionary :
_cby Dave Dowling
_b2500 most commonly confused words /
250 _a2nd ed
260 _aGreater Noida
_beVookz Learning Solutions
_c2010
270 _a10, Parshwanath Edens, Sector, Alpha-11
_bGreater Noida, Uttar Pradesh
_e110063
300 _aviii,263p.
_c20cm(Hb)
500 _aIncludes bibliographical references
942 _2ddc
_cEN
_mDOW
_h423.1
999 _c79242
_d79242